000 00561 a2200169 4500
999 _c4645
_d4645
010 _aENG-86488
020 _a8176221317
_c495.00
035 _aEN-70021
037 _bDBAD / PUB
082 1 4 _a634.903
245 1 _aBiotech's dictionary of forestry /
_ccompiled & edited by Meena Francis
260 _aDelhi
_bBiotech Books
_c2006
270 _a1123/74, Tri Nagar,
_bDelhi
_cNew Delhi
_e110 035
_k27382765
_mbiotechbooks@yahoo.co.in
300 _a312p.
_bb&w photos
_c22cm (Hb)
700 _aFrancis, Meena
942 _adpl
_cEN
_2ddc
_h634.903
_mBIO